000 00737nam a2200289Ia 4500
005 20260324122406.0
008 008 260324s9999 xx 000 0 eng d
020 _a9781315555881
037 _aEBOOK
040 _aCRL
040 _beng
040 _cCRL
041 _2eng
041 _aeng
084 _qCRL
100 _aJ. Christopher Warner
_91166267
245 4 _aThe Making and Marketing of Tottel’s Miscellany, 1557
245 0 _bSongs and Sonnets in the Summer of the Martyrs’ Fires
260 _bTaylor and Francis
260 _c2013
365 _a
365 _b240
856 _uhttp://www.taylorfrancis.com/books/9781315555881
942 _cEBOOK
999 _c1758980
_d1758980